BUBT Library Online Catalog

An Introduction to Textile Bleaching / (Record no. 6723)

000 -LEADER
fixed length control field 00658nam a2200217Ia 4500
003 - CONTROL NUMBER IDENTIFIER
control field BUBTL
008 - FIXED-LENGTH DATA ELEMENTS--GENERAL INFORMATION
fixed length control field 151213s9999 xx 000 0 und d
020 ## - INTERNATIONAL STANDARD BOOK NUMBER
International Standard Book Number 9781447400763
082 ## - DEWEY DECIMAL CLASSIFICATION NUMBER
Classification number 667.1/ M3521i/ 1951
100 ## - MAIN ENTRY--PERSONAL NAME
Personal name Marsh, J.T.
9 (RLIN) 4605
245 ## - TITLE STATEMENT
Title An Introduction to Textile Bleaching /
Statement of responsibility, etc. J.T. Marsh
250 ## - EDITION STATEMENT
Edition statement 3rd Edn.
260 ## - PUBLICATION, DISTRIBUTION, ETC. (IMPRINT)
Place of publication, distribution, etc. London:
Name of publisher, distributor, etc. Chapman & Hall Ltd.,
Date of publication, distribution, etc. c1951
300 ## - PHYSICAL DESCRIPTION
Extent xiii,512 p.:
Dimensions 20 cm.
Other physical details ills.;
500 ## - GENERAL NOTE
General note Includes Index
505 ## - FORMATTED CONTENTS NOTE
Formatted contents note Textile Bleaching, bleaching. J.T. Marsh
650 #0 - SUBJECT ADDED ENTRY--TOPICAL TERM
Topical term or geographic name as entry element Textile Engineering
9 (RLIN) 909
856 ## - ELECTRONIC LOCATION AND ACCESS
Password 0
Logon 0
Link text Download
942 ## - ADDED ENTRY ELEMENTS (KOHA)
Source of classification or shelving scheme
Koha item type Books
Holdings
Withdrawn status Lost status Source of classification or shelving scheme Damaged status Not for loan Collection code Permanent location Current location Shelving location Date acquired Source of acquisition Inventory number Total Checkouts Full call number Barcode Date last seen Copy number Price effective from Koha item type
        Not For Loan Non-fiction Bangladesh University of Business and Technology Library Bangladesh University of Business and Technology Library Textile Engineering Stacks 06/27/2022 Purchase 28649   667.1/ M3521i/ 1951 BUBTL-200328649 08/07/2022 C-1 08/07/2022 Books
        Not For Loan Non-fiction Bangladesh University of Business and Technology Library Bangladesh University of Business and Technology Library Textile Engineering Stacks 06/27/2022 Purchase 28650   667.1/ M3521i/ 1951 BUBTL-200328650 08/07/2022 C-2 08/07/2022 Books

More Information About Library

Library Hours

  • Open: 9.00 am. to 9.00 pm.
  • Only Sunday: 9.00 am. to 6.00 pm.
  • Closed: Holiday

Contact to the University

Bangladesh University of Business and Technology Library

  • Mirpurl-2, 1216.
  • Phone:
  • Fax:
  • E-Mail: admin.library@bubt.edu.bd

Contact to the Library

Contact Person:

Md. Abdul Hakim Shah
Joint Librarian
PABX No:  113
Cell No: 01816332931
E-mail: official: admin.library@bubt.edu.bd
Personal: hakim.shah@bubt.edu.bd


BUBT Library

Copyright © 2021